Les pays ayant adapté le jeu Fort Boyard - Statistiques

Statistiques générales
  • Ce quiz a été pris 137 fois
  • Le résultat moyen est 27 sur 33
Statistiques - réponses
Hint Réponse % Correct
Europe Espagne
97%
Europe Allemagne
96%
Europe Belgique
95%
Europe Italie
95%
Amérique Etats-Unis
94%
Afrique Maroc
92%
Amérique Canada
91%
Europe Suisse
91%
Afrique Algérie
90%
Europe Royaume-Uni
90%
Europe Finlande
89%
Asie/Europe Russie
89%
Europe Suède
88%
Europe Norvège
87%
Europe Pays-Bas
87%
Asie/Europe Turquie
87%
Europe Slovaquie
85%
Europe Ukraine
84%
Europe Danemark
83%
Amérique Argentine
82%
Europe Hongrie
82%
Europe Pologne
81%
Europe Roumanie
81%
Europe Grèce
79%
Asie Corée-du-Sud
74%
Europe Serbie
73%
Europe Bulgarie
72%
Europe Tchéquie
67%
Asie/Europe Géorgie
63%
Asie Israël
59%
Asie Arménie
58%
Asie/Europe Azerbaïdjan
57%
Asie Liban
52%
Aucun quiz correspondant
Distribution des résultats
% des personnes avec chaque résultat
Percentile par nombre de réponses
Votre historique - résultats
Vous n’avez pas pris ce quiz